LIBRARY & INFORMATION CENTRE, KCAET, TAVANUR

ONLINE PUBLIC ACCESS CATALOGUE (OPAC)

Repair shop electrician / (Record no. 18526)

MARC details
000 -LEADER
fixed length control field 00342nam a22001457a 4500
003 - CONTROL NUMBER IDENTIFIER
control field OSt
008 - FIXED-LENGTH DATA ELEMENTS--GENERAL INFORMATION
fixed length control field 241213b |||||||| |||| 00| 0 eng d
041 ## - LANGUAGE CODE
Language code of text/sound track or separate title eng
082 ## - DEWEY DECIMAL CLASSIFICATION NUMBER
Classification number 621.31924
Item number VAR/RE
100 ## - MAIN ENTRY--AUTHOR NAME
Personal name Vartanov, G
245 ## - TITLE STATEMENT
Title Repair shop electrician /
700 ## - ADDED ENTRY--PERSONAL NAME
Personal name Verner, V
700 ## - ADDED ENTRY--PERSONAL NAME
Personal name Serebryakov, V
942 ## - ADDED ENTRY ELEMENTS (KOHA)
Koha item type Books
Holdings
Withdrawn status Lost status Damaged status Home library Current library Date acquired Cost, normal purchase price Full call number Accession Number Koha item type
      KAUAET KAUAET 13/12/2024 15.00 621.31924 VAR/RE 10371 Books
free website counter